|
|
|
|
| LEADER |
00669nam a2200205Ia 4500 |
| 001 |
CTU_124433 |
| 008 |
210402s9999 xx 000 0 und d |
| 020 |
|
|
|c 1215000
|
| 082 |
|
|
|a 005.268
|
| 082 |
|
|
|b B574
|
| 100 |
|
|
|a B'Far, Reza
|
| 245 |
|
0 |
|a Mobile computing principles :
|
| 245 |
|
0 |
|b Designing and developing moblie applications with UML and XML
|
| 245 |
|
0 |
|c Reza B' Far ; Foreword by: Roy T. Filding
|
| 260 |
|
|
|a Cambridge, UK
|
| 260 |
|
|
|b Cambridge University Pres
|
| 260 |
|
|
|c 2005
|
| 650 |
|
|
|a Mobile computing,UML ( Computer science ),XML ( Document markup language )
|
| 904 |
|
|
|i Minh
|
| 980 |
|
|
|a Trung tâm Học liệu Trường Đại học Cần Thơ
|